[Event "British Chess Championships 2023: British Championship"]
[Site "The Venue, De Montfort University, 20 Western Boulevard, Leicester, LE2 7BU"]
[Date "2023.07.27"]
[Round "6"]
[Board "14"]
[White "Chopra, Tanmay"]
[Black "Ismail, Mohammed Aayan"]
[Result "1-0"]
[WhiteElo "2377"]
[BlackElo "2169"]
[PlyCount "0"]
[EventDate "2023.07.22"]
[EventRounds "9"]
[EventCountry "ENG"]

1. d4 Nf6 2. c4 e6 3. Nc3 d5 4. Nf3 Be7 5. Bf4 O-O 6. e3 b6 7. Rc1 c5 8. cxd5 Nxd5
9. Nxd5 Qxd5 10. Bc4 Qd8 11. O-O Ba6 12. Qe2 Bxc4 13. Qxc4 Qd7 14. dxc5 bxc5 15.
Rfd1 Qb7 16. Ne5 Qb6 17. Qe4 f6 18. Nd3 Na6 19. Qc4 Rad8 20. Bg3 Kh8 21. Nf4 Nc7
22. b3 e5 23. Ne2 Qa5 24. Nc3 Qb4 25. f3 Qxc4 26. bxc4 Ne6 27. Nd5 Bd6 28. Be1 Bb8
29. Rb1 Rd7 30. Rb3 Rc8 31. Rdb1 Bd6 32. Ba5 Nd8 33. Bxd8 Rcxd8 34. e4 Kg8 35. Kf2
Kf7 36. Ke3 Ke6 37. Rb5 h5 38. R1b3 Rc8 39. h3 Rc6 40. Ra3 h4 41. Rba5 Bb8 42. Rb3
Bd6 43. Rba3 Bb8 44. Ra6 Rdd6 45. Rxc6 Rxc6 46. Rb3 Bd6 47. Rb7 Ra6 48. Nc3 g6 49.
Kd3 Ra3 50. Kc2 Ra6 51. Kb3 f5 52. Nd5 fxe4 53. fxe4 Rc6 54. Rxa7 Rc8 55. Rg7 Rb8+
56. Kc2  1-0

[Event "British Chess Championships 2023: British Championship"]
[Site "The Venue, De Montfort University, 20 Western Boulevard, Leicester, LE2 7BU"]
[Date "2023.07.27"]
[Round "6"]
[Board "15"]
[White "Pigott, John C"]
[Black "Unnikrishnan, Midhun P"]
[Result "1-0"]
[WhiteElo "2347"]
[BlackElo "2168"]
[PlyCount "0"]
[EventDate "2023.07.22"]
[EventRounds "9"]
[EventCountry "ENG"]

1. e4 e5 2. Nf3 Nc6 3. Bb5 Nf6 4. d3 Bc5 5. Bxc6 dxc6 6. O-O Qd6 7. c3 Nd7 8. d4
Bb6 9. a4 a5 10. Na3 Qe6 11. dxe5 Nc5 12. Qe2 Nb3 13. Rb1 Bc5 14. Bf4 Qg4 15. Bg3
h5 16. Bh4 Bxa3 17. bxa3 Nc5 18. Rfd1 O-O 19. Be7 Nxe4 20. Qe3 Re8 21. Bd8 Nf6 22.
h3 Qg6 23. c4 Bg4 24. Bxc7 Bxf3 25. Qxf3 Nd7 26. Qc3 Nc5 27. Bd6 Ne4 28. Qd4 Rad8
29. Rxb7 c5 30. Qd3 Rxe5 31. Bxe5 Rxd3 32. Rxd3 Qe6 33. Rd8+ Kh7 34. Rd5 f6 35. Bb8
Nd2 36. Rdd7 Qe1+ 37. Kh2 Nf1+ 38. Kg1 Ng3+ 39. Kh2 Ne2 40. Rxg7+ Kh6 41. Rh7+ Kg6
42. Rbg7+ Kf5 43. g4+ Ke4 44. gxh5 Kf3 45. Rg2 Qb1 46. Rh8 Qf5 47. Re8  1-0

[Event "British Chess Championships 2023: British Championship"]
[Site "The Venue, De Montfort University, 20 Western Boulevard, Leicester, LE2 7BU"]
[Date "2023.07.27"]
[Round "6"]
[Board "16"]
[White "Merriman, James"]
[Black "Kanyamarala, Trisha"]
[Result "1/2-1/2"]
[WhiteElo "2067"]
[BlackElo "2344"]
[PlyCount "0"]
[EventDate "2023.07.22"]
[EventRounds "9"]
[EventCountry "ENG"]

1. d4 Nf6 2. c4 e6 3. Nc3 Bb4 4. e3 O-O 5. Bd3 d5 6. a3 Bxc3+ 7. bxc3 b6 8. cxd5
exd5 9. Ne2 c5 10. O-O Ba6 11. Ng3 Re8 12. f3 Bxd3 13. Qxd3 Nc6 14. Bb2 h5 15. Rae1
c4 16. Qc2 b5 17. e4 h4 18. Nf5 Nh5 19. Bc1 a5 20. e5 b4 21. Nd6 Rf8 22. f4 bxc3
23. Qe2 g6 24. f5 Ra7 25. Bh6 Ng7 26. Bxg7 Kxg7 27. f6+ Kh7 28. Qg4 Rh8 29. e6 Qxd6
30. e7 Nxe7 31. fxe7 Rxe7 32. Qxh4+ Kg7 33. Qxe7 Qxh2+ 34. Kf2 Qf4+ 35. Ke2 Qg4+
36. Kf2  1/2-1/2

[Event "British Chess Championships 2023: British Championship"]
[Site "The Venue, De Montfort University, 20 Western Boulevard, Leicester, LE2 7BU"]
[Date "2023.07.27"]
[Round "6"]
[Board "17"]
[White "Shaw, Peter"]
[Black "Rudd, Jack"]
[Result "0-1"]
[WhiteElo "2066"]
[BlackElo "2276"]
[PlyCount "0"]
[EventDate "2023.07.22"]
[EventRounds "9"]
[EventCountry "ENG"]

1. d4 Nf6 2. c4 g6 3. Nc3 Bg7 4. e4 d6 5. Nf3 O-O 6. Be2 e5 7. Be3 Na6 8. d5 Ng4
9. Bg5 f6 10. Bh4 Qe8 11. Nd2 f5 12. Bxg4  0-1

[Event "British Chess Championships 2023: British Championship"]
[Site "The Venue, De Montfort University, 20 Western Boulevard, Leicester, LE2 7BU"]
[Date "2023.07.27"]
[Round "6"]
[Board "18"]
[White "Smith, Olivia"]
[Black "Khandelwal, Ankush"]
[Result "1-0"]
[WhiteElo "2042"]
[BlackElo "2276"]
[PlyCount "0"]
[EventDate "2023.07.22"]
[EventRounds "9"]
[EventCountry "ENG"]

1. e4 c5 2. Nf3 d6 3. Bb5+ Nd7 4. Ba4 Ngf6 5. O-O e6 6. d3 a6 7. c4 Be7 8. Nc3 O-O
9. h3 Qc7 10. Qe2 b6 11. Nh2 Ne5 12. f4 Nc6 13. Bxc6 Qxc6 14. a4 Bb7 15. f5 Rae8
16. Bg5 Kh8 17. Rf2 h6 18. Bd2 Bc8 19. g4 Bd8 20. fxe6 fxe6 21. Raf1 Nh7 22. Nf3
Qc7 23. e5 Bb7 24. Ne4 dxe5 25. Bc3 Kg8 26. Bxe5 Qc6 27. Bd6 Be7 28. Ne5 Qc8 29.
Ng6 Bxd6 30. Nxd6 Rxf2 31. Qxf2 Qd7 32. Ne5 Ng5 33. Nxd7 Nxh3+ 34. Kh2 Nxf2 35. Nxe8
Nxg4+ 36. Kg3 Ne3 37. Rf8+ Kh7 38. Nd6 Bc6 39. Ne5 Bxa4 40. Kf3 Nc2 41. Ndf7 Nd4+
42. Kf2  1-0

[Event "British Chess Championships 2023: British Championship"]
[Site "The Venue, De Montfort University, 20 Western Boulevard, Leicester, LE2 7BU"]
[Date "2023.07.27"]
[Round "6"]
[Board "19"]
[White "Merriman, John"]
[Black "Stoica, Savas Marin"]
[Result "1/2-1/2"]
[WhiteElo "2274"]
[BlackElo "2156"]
[PlyCount "0"]
[EventDate "2023.07.22"]
[EventRounds "9"]
[EventCountry "ENG"]

1. d4 Nf6 2. c4 g6 3. f3 d5 4. cxd5 Nxd5 5. e4 Nb6 6. Nc3 Bg7 7. Be3 O-O 8. Qd2 e5
9. d5 c6 10. Rd1 cxd5 11. exd5 N8d7 12. Nh3 e4 13. fxe4 Ne5 14. Nf2 Bd7 15. b3 Rc8
16. Rc1 f5 17. Be2 fxe4 18. O-O Nd3 19. Nxd3 exd3 20. Bf3 Qh4 21. Ne4 Rxc1 22. Rxc1
Be5 23. g3 Qd8 24. Bg5 Qe8 25. Qxd3 Bb5 26. Qd1 Kg7 27. Bg2 Qf7 28. a4 Bd7 29. Qd2
Rc8 30. Rf1 Qxd5 31. Bh6+ Kh8 32. Qxd5 Nxd5 33. Rd1 Bc6 34. Ng5 Nc3 35. Re1 Bg7 36.
Bxg7+ Kxg7 37. h4 h6 38. Ne6+ Kf6 39. Nf4 Bxg2 40. Kxg2 g5  1/2-1/2

[Event "British Chess Championships 2023: British Championship"]
[Site "The Venue, De Montfort University, 20 Western Boulevard, Leicester, LE2 7BU"]
[Date "2023.07.27"]
[Round "6"]
[Board "20"]
[White "Beaumont, Chris R"]
[Black "Villiers, Thomas"]
[Result "0-1"]
[WhiteElo "2262"]
[BlackElo "2140"]
[PlyCount "0"]
[EventDate "2023.07.22"]
[EventRounds "9"]
[EventCountry "ENG"]

1. Nf3 d5 2. g3 Nf6 3. Bg2 e6 4. O-O Be7 5. c4 d4 6. e3 c5 7. exd4 cxd4 8. d3 Nc6
9. Bg5 O-O 10. Re1 Nd7 11. Bxe7 Qxe7 12. Na3 Qc5 13. Nc2 a5 14. a3 a4 15. Rb1 e5
16. b4 axb3 17. Rxb3 Qd6 18. Ng5 Qg6 19. h4 Nc5 20. Rb5 Na4 21. Be4 Bf5 22. Bxf5
Qxf5 23. Qf3 Qxf3 24. Nxf3 f6 25. Rxb7 Nc5 26. Rc7 Rfc8 27. Rxc8+ Rxc8 28. Rd1 Rb8
29. Nfe1 Rb2 30. Kf1 Kf7 31. Nb4 Nxb4 32. axb4 Rxb4 33. Ke2 f5 34. f3 Rb3 35. Rd2
Na4 36. f4 Nc3+ 37. Kf1 e4 38. dxe4 Nxe4 39. Rxd4 Nxg3+ 40. Kf2 Ne4+ 41. Ke2 Kg6
42. Rd3 Rxd3 43. Nxd3 Kh5 44. c5 Kxh4 45. Kf3 h6 46. c6 Nd6 47. c7 Nc8 48. Ne1 Kh5
49. Ng2 Kg6 50. Ne3 Kf6 51. Nc4 Ke6 52. Kg3 Kd7 53. Kh4 Kxc7 54. Kh5 Ne7 55. Ne5
Kd6  0-1

[Event "British Chess Championships 2023: British Championship"]
[Site "The Venue, De Montfort University, 20 Western Boulevard, Leicester, LE2 7BU"]
[Date "2023.07.27"]
[Round "6"]
[Board "21"]
[White "Mitra, Roman C"]
[Black "Shearsby, Jude"]
[Result "1-0"]
[WhiteElo "2171"]
[BlackElo "2076"]
[PlyCount "0"]
[EventDate "2023.07.22"]
[EventRounds "9"]
[EventCountry "ENG"]

1. g3 Nf6 2. Bg2 g6 3. e4 d6 4. Ne2 Bg7 5. O-O O-O 6. h3 c5 7. c3 Nc6 8. d4 e5 9.
Be3 cxd4 10. cxd4 exd4 11. Nxd4 d5 12. Nxc6 bxc6 13. exd5 cxd5 14. Nc3 Be6 15. Bd4
Qd7 16. Kh2 Rfd8 17. Rc1 Rab8 18. Ne2 Rb4 19. a3 Rc4 20. b3 Rxc1 21. Qxc1 Rb8 22.
Qb2 Qb5 23. b4 Qd3 24. Bxf6 Bxf6 25. Qxf6 Qxe2 26. Rc1 Qb5 27. Rc5 Qd3 28. Rc3 Qd2
29. Re3 Re8 30. Re5 d4 31. Bd5 d3 32. Rxe6 fxe6 33. Bxe6+ Rxe6 34. Qxe6+ Kg7 35.
Qe7+ Kg8 36. Qd8+ Kg7 37. Qc7+ Kg8 38. Qb8+ Kg7 39. Qxa7+ Kf6 40. Qd4+ Kf7 41. b5
Qe2 42. b6 d2 43. b7 d1=Q 44. Qf4+ Kg7 45. b8=Q Qe7 46. Qb2+ Kg8 47. Qc4+ Qf7 48.
Qb8+  1-0

[Event "British Chess Championships 2023: British Championship"]
[Site "The Venue, De Montfort University, 20 Western Boulevard, Leicester, LE2 7BU"]
[Date "2023.07.27"]
[Round "6"]
[Board "22"]
[White "Khoury, Theo"]
[Black "Mihalik, Agoston"]
[Result "1/2-1/2"]
[WhiteElo "2066"]
[BlackElo "2136"]
[PlyCount "0"]
[EventDate "2023.07.22"]
[EventRounds "9"]
[EventCountry "ENG"]

1. e4 c5 2. Nf3 e6 3. d4 cxd4 4. Nxd4 a6 5. c4 Nf6 6. Nc3 Bb4 7. Qd3 O-O 8. e5 Ne8
9. Nc2 Bxc3+ 10. Qxc3 Qc7 11. Be3 f6 12. exf6 Nxf6 13. Be2 d6 14. Rd1 Nc6 15. O-O
Ne7 16. Bf3 Nf5 17. Bg5 e5 18. Bxf6 Rxf6 19. Be4 Be6 20. Bxf5 Rxf5 21. Ne3 Rf4 22.
g3 Rf7 23. Qd3 Rd8 24. Nd5 Qc6 25. b3 b5 26. f3 bxc4 27. bxc4 Rc8 28. Qa3 Rcf8 29.
Kg2 e4 30. f4 Bg4 31. Rd4 Bf3+ 32. Kg1 Rb7 33. Ne3 Rd8 34. c5 d5 35. Nc4 Rb5 36.
Ne5 Qxc5 37. Qxc5 Rxc5 38. Nxf3 exf3 39. Rxf3 Rc1+ 40. Kg2 Rc2+ 41. Rf2 Rxf2+ 42.
Kxf2 Kf7 43. Ra4 Rd6 44. Ke3 Rh6 45. Kd4 Rxh2 46. Rxa6 Rg2 47. Ra3 Kf6 48. Kxd5 Kf5
49. Kd4 h6 50. Ra5+ Kg4 51. Ra7 g6 52. Ra6 Kf5 53. Ra5+ Kg4 54. Ra6  1/2-1/2

[Event "British Chess Championships 2023: British Championship"]
[Site "The Venue, De Montfort University, 20 Western Boulevard, Leicester, LE2 7BU"]
[Date "2023.07.27"]
[Round "6"]
[Board "23"]
[White "Badacsonyi, Frankie"]
[Black "Saunders, Aron"]
[Result "1/2-1/2"]
[WhiteElo "1966"]
[BlackElo "2113"]
[PlyCount "0"]
[EventDate "2023.07.22"]
[EventRounds "9"]
[EventCountry "ENG"]

1. d4 d5 2. c4 c6 3. Nf3 Nf6 4. Nc3 dxc4 5. a4 Bf5 6. Ne5 Nbd7 7. Nxc4 Qc7 8. g3
e5 9. dxe5 Nxe5 10. Bf4 Nfd7 11. Bg2 g5 12. Ne3 gxf4 13. Nxf5 O-O-O 14. Qc2 Ng6 15.
O-O Kb8 16. a5 a6 17. Rfc1 Qe5 18. e3 fxg3 19. hxg3 h5 20. Nd4 Rc8 21. Qb3 Ne7 22.
Qxf7 Bg7 23. Nf3 Qf6 24. Qxf6 Bxf6 25. Rd1 Nc5 26. e4 Ng6 27. Rd6 Rhf8 28. e5 Nxe5
29. Rxf6 Rxf6 30. Nxe5  1/2-1/2

[Event "British Chess Championships 2023: British Championship"]
[Site "The Venue, De Montfort University, 20 Western Boulevard, Leicester, LE2 7BU"]
[Date "2023.07.27"]
[Round "6"]
[Board "24"]
[White "Szekely, Virgil"]
[Black "Pollack, Oscar"]
[Result "1/2-1/2"]
[WhiteElo "1957"]
[BlackElo "2096"]
[PlyCount "0"]
[EventDate "2023.07.22"]
[EventRounds "9"]
[EventCountry "ENG"]

1. e4 c5 2. Nf3 e6 3. c3 d5 4. exd5 Qxd5 5. d4 Nf6 6. Na3 cxd4 7. Nb5 Qd8 8. Nbxd4
Nc6 9. Be3 Nd5 10. Nxc6 bxc6 11. Bd2 Bc5 12. Bd3 Qc7 13. Qa4 Bd7 14. Qg4 O-O-O 15.
b4 Bd6 16. Ba6+ Kb8 17. c4 Nf6 18. Qh4 e5 19. c5 Be7 20. Bc4 Bg4 21. Qg3 Bxf3 22.
Qxf3 Rd4 23. Qb3 Re4+ 24. Be2 Nd5 25. f3 Rd4 26. O-O-O Ka8 27. Bc3 Bg5+ 28. Kb1 Nxc3+
29. Qxc3 Rhd8 30. Rxd4 exd4 31. Qc4 Bd2 32. Kc2 Bc3 33. g3 Qe7 34. Qa6 Qb7 35. a3
Re8 36. Bd3 g6 37. g4 Re3 38. Rf1 Kb8 39. Qxb7+ Kxb7 40. Be4 Kc7 41. Rf2 Be1 42.
Rf1 Rc3+ 43. Kb2 Re3 44. Kc2 Bh4 45. Rd1 Rc3+ 46. Kb2 Bf6 47. Rd3 Rc4 48. f4 h6 49.
Bf3 a5 50. Kb3 Rc1 51. Bd1 axb4 52. axb4 Rb1+ 53. Ka3 Kd7 54. Bb3 Ra1+ 55. Kb2 Rf1
56. Bxf7 Rxf4 57. Bxg6 Rf2+ 58. Kb3 Rxh2 59. Bf5+ Kc7 60. Rf3 Re2 61. Bd3 Re6 62.
Kc4 Kd8 63. b5 cxb5+ 64. Kd5 Ke7 65. Bxb5 Re5+ 66. Kc6 Re3 67. Rf1 Rc3 68. Re1+ Re3
69. Ra1 Ke6 70. Ra8 d3 71. Ra3 Ke5 72. Rxd3 Rxd3 73. Bxd3 Kd4 74. Bf5  1/2-1/2

[Event "British Chess Championships 2023: British Championship"]
[Site "The Venue, De Montfort University, 20 Western Boulevard, Leicester, LE2 7BU"]
[Date "2023.07.27"]
[Round "6"]
[Board "25"]
[White "Chan, Sheng Liang Bernard"]
[Black "Koiza, Peter"]
[Result "1/2-1/2"]
[WhiteElo "2078"]
[BlackElo "1963"]
[PlyCount "0"]
[EventDate "2023.07.22"]
[EventRounds "9"]
[EventCountry "ENG"]

1. d4 Nf6 2. c4 e6 3. Nf3 Bb4+ 4. Bd2 c5 5. e3 b6 6. Bd3 Bb7 7. Bxb4 cxb4 8. Nbd2
a5 9. e4 d6 10. O-O O-O 11. a3 Na6 12. Qe2 e5 13. c5 bxc5 14. dxe5 dxe5 15. Nxe5
Re8 16. Ndf3 Qc7 17. Rad1 Rxe5 18. Nxe5 Qxe5 19. f4 Qd4+ 20. Kh1 c4 21. Bb1 Qc5 22.
e5 Re8 23. Rfe1 Nd5 24. Qe4 g6 25. f5 Nc3 26. Qxb7 Nxd1 27. Rxd1 Qxe5 28. h3 Nc5
29. Qf3 Qxb2 30. fxg6 hxg6 31. Rf1 Qg7 32. axb4 axb4 33. Qd5 Ne6 34. Qxc4 Qd4 35.
Qc6 Re7 36. Ba2 Qc3 37. Qd6 Qc5 38. Qg3 Qc3 39. Qd6 Qc5 40. Qg3 Qa7 41. Bb3 Qd4  1/2-1/2

[Event "British Chess Championships 2023: British Championship"]
[Site "The Venue, De Montfort University, 20 Western Boulevard, Leicester, LE2 7BU"]
[Date "2023.07.27"]
[Round "6"]
[Board "26"]
[White "Ogunshola, Olugbemiga (Ben)"]
[Black "Jackson, Edward"]
[Result "0-1"]
[WhiteElo "2116"]
[BlackElo "1942"]
[PlyCount "0"]
[EventDate "2023.07.22"]
[EventRounds "9"]
[EventCountry "ENG"]

1. c4 e6 2. Nf3 d5 3. b3 Nf6 4. g3 Be7 5. Bg2 O-O 6. O-O c5 7. e3 Nc6 8. Bb2 b6 9.
Qe2 Bb7 10. d3 dxc4 11. bxc4 Qc7 12. Nc3 a6 13. Rab1 Rab8 14. Rfd1 Rfd8 15. Ba1 h6
16. a3 Ba8 17. Qc2 Na7 18. Ne2 Nd7 19. Nf4 Bf6 20. Bc3 b5 21. Nh5 Bxc3 22. Qxc3 e5
23. g4 g6 24. Ng3 Nc6 25. cxb5 axb5 26. Ne4 Ne7 27. Nh4 Nd5 28. Qc2 Rdc8 29. Rdc1
Qa5 30. Nd6 Rd8 31. Qb3 c4 32. dxc4 Nc5 33. Qc2 Nxe3 34. fxe3 Rxd6 35. Rxb5 Rxb5
36. cxb5 Nd3 37. Qc8+ Kg7 38. Qc3 Qa7 39. Qd2 Nxc1 40. Qxc1 Bxg2 41. Nxg2 Qa4 42.
Qc5 Qd1+ 43. Kf2 Rf6+  0-1

[Event "British Chess Championships 2023: British Championship"]
[Site "The Venue, De Montfort University, 20 Western Boulevard, Leicester, LE2 7BU"]
[Date "2023.07.27"]
[Round "6"]
[Board "27"]
[White "Gardiner, Eric D"]
[Black "Kolbus, Dietmar"]
[Result "0-1"]
[WhiteElo "1843"]
[BlackElo "2270"]
[PlyCount "0"]
[EventDate "2023.07.22"]
[EventRounds "9"]
[EventCountry "ENG"]

1. e4 Nf6 2. e5 Nd5 3. c4 Nb6 4. d4 d6 5. exd6 cxd6 6. Nc3 g6 7. Be3 Bg7 8. Rc1 O-O
9. b3 Nc6 10. d5 Ne5 11. Be2 Ned7 12. Nf3 Nf6 13. O-O Bg4 14. Nd4 Bxe2 15. Qxe2 Nbd7
16. h3 Re8 17. Rfe1 a6 18. a4 Rc8 19. Qd3 Qc7 20. Ne4 Nxe4 21. Qxe4 Nc5 22. Qc2 Qb6
23. Rb1 Qd8 24. Re2 Bf6 25. b4 Nd7 26. Qb3 a5 27. Nb5 axb4 28. Qxb4 Ra8 29. Ra2 Ra6
30. Rb3 Qb8 31. a5 b6 32. Rba3 bxa5 33. Rxa5 Rxa5 34. Rxa5 Rc8 35. Qa4 Ne5 36. Na3
Qb2 37. Ra8 Qa1+ 38. Kh2 Rxa8 39. Qxa8+ Kg7 40. Qa7 Qa2 41. Bd4 Nxc4 42. Nxc4 Qxc4
43. Bxf6+ Kxf6 44. Qa1+ e5 45. Qa8 Qf4+ 46. Kg1 Kg7 47. Qc6 e4 48. g3 Qe5 49. Kg2
g5 50. Qc4 h5 51. Qc6 Qf6 52. Qb6 Qe5 53. Qc6 h4 54. gxh4 gxh4 55. Qc4 Qg5+ 56. Kf1
Qf5 57. Qd4+ Kg6 58. Kg2 Qf3+ 59. Kh2 Kf5  0-1

[Event "British Chess Championships 2023: British Championship"]
[Site "The Venue, De Montfort University, 20 Western Boulevard, Leicester, LE2 7BU"]
[Date "2023.07.27"]
[Round "6"]
[Board "28"]
[White "Alldritt, Nigel Re"]
[Black "Burrows, Martin P"]
[Result "0-1"]
[WhiteElo "1962"]
[BlackElo "2101"]
[PlyCount "0"]
[EventDate "2023.07.22"]
[EventRounds "9"]
[EventCountry "ENG"]

1. d4 Nf6 2. c4 e6 3. g3 d5 4. Nf3 dxc4 5. Bg2 Nc6 6. Qa4 Bb4+ 7. Bd2 Nd5 8. Qb5
Bxd2+ 9. Nbxd2 c3 10. bxc3 Nxc3 11. Qd3 Nd5 12. O-O O-O 13. Rfc1 h6 14. e3 Rb8 15.
Rab1 Nde7 16. Qc3 b6 17. Ne1 Bb7 18. Nd3 Qd7 19. Nb3 Ba8 20. Rc2 Rfd8 21. Rbc1 e5
22. Nxe5 Nxe5 23. Bxa8 Rxa8 24. dxe5 c5 25. a3 Qf5 26. Rd2 Nc6 27. f4 Rxd2 28. Nxd2
Na5 29. e4 Qd7 30. Nf3 Rd8 31. Qe1 Nb3 32. Rc3 Nd4 33. Kg2 Nxf3 34. Kxf3 Qd4 35.
Qe3 Qd1+ 36. Qe2 Qh1+ 37. Kg4 Rd4 38. Re3 c4 39. Kf5 Qb1 40. h4 Rd3  0-1

[Event "British Chess Championships 2023: British Championship"]
[Site "The Venue, De Montfort University, 20 Western Boulevard, Leicester, LE2 7BU"]
[Date "2023.07.27"]
[Round "6"]
[Board "29"]
[White "Starley, Robert"]
[Black "Weersing, Abigail R"]
[Result "0-1"]
[WhiteElo "2064"]
[BlackElo "1919"]
[PlyCount "0"]
[EventDate "2023.07.22"]
[EventRounds "9"]
[EventCountry "ENG"]

1. e4 e6 2. d4 d5 3. e5 c5 4. c3 Nc6 5. Nf3 Bd7 6. Bd3 Qb6 7. O-O cxd4 8. cxd4 Nxd4
9. Nxd4 Qxd4 10. Nc3 a6 11. Qe2 Ne7 12. Rd1 Qa7 13. Be3 b6 14. f4 Ng6 15. f5 exf5
16. Nxd5 Bc5 17. e6 Bxe6 18. Bxf5 O-O 19. Bxc5 bxc5 20. Bxe6 Rae8 21. Bxf7+ Qxf7
22. Qc2 Re5 23. Nc3 Rf5 24. Ne4 c4 25. Nd6 Qa7+ 26. Kh1 Rf4 27. Qe2 Qb8 28. Nxc4
Rf2 29. Qe4 Kh8 30. g3 Qb5 31. Rd5 Qb4 32. a3 Qb3 33. Qd3 Qb7 34. Kg1 Ne7 35. Rd1
Nxd5 36. Qxd5 Qe7 37. Qd3 Qf6 38. Ne3 Rf3 39. Qe4 h6 40. Ng4 Qb6+ 41. Kg2 Qxb2+ 42.
Kh3 R3f5 43. Rd5 Rxd5 44. Qxd5 Qb5 45. Qd4 Qf5 46. Kh4 Kh7 47. Qa7 Qg5+ 48. Kh3 Qh5+
49. Kg2 Qxg4 50. Qxa6 Qe4+ 51. Kh3 Rf5 52. g4 Qf3+ 53. Kh4 g5+ 54. Kh5 Qh3#  0-1

[Event "British Chess Championships 2023: British Championship"]
[Site "The Venue, De Montfort University, 20 Western Boulevard, Leicester, LE2 7BU"]
[Date "2023.07.27"]
[Round "6"]
[Board "30"]
[White "Kueh, Audrey"]
[Black "Cox, Toby"]
[Result "1-0"]
[WhiteElo "2096"]
[BlackElo "1967"]
[PlyCount "0"]
[EventDate "2023.07.22"]
[EventRounds "9"]
[EventCountry "ENG"]

1. e4 e6 2. d4 d5 3. Nd2 Nf6 4. e5 Nfd7 5. Bd3 c5 6. c3 Nc6 7. Ne2 cxd4 8. cxd4 f6
9. exf6 Nxf6 10. Nf3 Bd6 11. O-O O-O 12. Bf4 Bxf4 13. Nxf4 Ne4 14. Nh5 Ng5 15. Ne5
g6 16. Ng3 Qf6 17. Nxc6 bxc6 18. Qa4 Bd7 19. Rae1 Rfb8 20. Re2 Rb7 21. h4 Nf7 22.
h5 Rab8 23. Rb1 Kg7 24. Qc2 Rb4 25. Rd2 Rh8 26. Ne2 gxh5 27. a3 Rbb8 28. Ng3 Qg5
29. Be2 h4 30. Nh5+ Kh6 31. f4 Qg6 32. g4 hxg3 33. Rd3 e5 34. Qd2 Rhg8 35. Kg2 Bf5
36. Rh1 Be4+ 37. Bf3 Bxd3 38. fxe5+ Qg5 39. Nf4+ Kg7 40. Ne6+ Kh8 41. Nxg5 Nxg5 42.
Qxd3 Rxb2+ 43. Be2 Ne4 44. Qf3 Rbb8 45. Qf5 Rg7 46. e6 Kg8 47. Rf1 Re7 48. Bh5 Rb2+
49. Kg1 Rf2 50. Bf7+ Kf8 51. Qxh7  1-0

[Event "British Chess Championships 2023: British Championship"]
[Site "The Venue, De Montfort University, 20 Western Boulevard, Leicester, LE2 7BU"]
[Date "2023.07.27"]
[Round "6"]
[Board "31"]
[White "Dignam, Matthew P"]
[Black "Pert, Nina P"]
[Result "0-1"]
[WhiteElo "2055"]
[BlackElo "2021"]
[PlyCount "0"]
[EventDate "2023.07.22"]
[EventRounds "9"]
[EventCountry "ENG"]

1. d4 e6 2. e4 d5 3. e5 c5 4. c3 Nc6 5. Nf3 Bd7 6. Bd3 Qb6 7. dxc5 Bxc5 8. b4 Be7
9. O-O f6 10. b5 Na5 11. Nd4 O-O-O 12. Be3 Bc5 13. f4 g5 14. exf6 Nxf6 15. fxg5 Ne4
16. Bxe4 dxe4 17. Nd2 e5 18. Nxe4 exd4 19. cxd4 Qe6 20. Qc2 Nc4 21. Bf2 Ba3 22. d5
Qxd5 23. Nf6 Qxb5 24. Bxa7 Bc5+ 25. Bxc5 Qxc5+ 26. Kh1 Bc6 27. Rac1 Rd2 28. Qxd2
Nxd2 29. Rxc5 Nxf1 30. h4 Ne3 31. Rc3 Nf5 32. h5 Kd8 33. Kh2 Ke7 34. g4 Ng7 35. Re3+
Ne6 36. h6 Kf7 37. Nxh7 Rxh7 38. g6+ Kxg6 39. Rxe6+ Kg5 40. Kg3 Rf7 41. Re5+ Kxh6
42. Re6+ Kg7 43. Re3 Rf1 44. a3 Kf6 45. Kh4 Rh1+ 46. Kg3 Rg1+ 47. Kh4 Bd7 48. Re4
b5 49. Rd4 Rxg4+ 50. Rxg4 Bxg4 51. Kxg4 Ke5 52. Kf3 Kd4 53. Ke2 Kc3 54. Kd1 Kb2 55.
Kd2 Kxa3 56. Kc2 b4 57. Kb1 Kb3 58. Ka1 Kc2  0-1

[Event "British Chess Championships 2023: British Championship"]
[Site "The Venue, De Montfort University, 20 Western Boulevard, Leicester, LE2 7BU"]
[Date "2023.07.28"]
[Round "7"]
[Board "2"]
[White "Fernandez, Daniel H"]
[Black "Hebden, Mark L"]
[Result "1-0"]
[WhiteElo "2518"]
[BlackElo "2436"]
[PlyCount "0"]
[EventDate "2023.07.22"]
[EventRounds "9"]
[EventCountry "ENG"]

1. Nf3 Nf6 2. c4 g6 3. g3 Bg7 4. Bg2 O-O 5. d4 d6 6. Nc3 c5 7. dxc5 dxc5 8. Qxd8
Rxd8 9. Be3 Nc6 10. Bxc5 Be6 11. Nd2 Rd7 12. h3 Rc8 13. Be3 a6 14. Rc1 Ne5 15. Na4
Rdc7 16. Nb6 Rd8 17. O-O Ne8 18. Rfd1 Nc6 19. Bf4 Bxb2 20. Bxc7 Nxc7 21. Rb1 Ba3
22. Ne4 Rxd1+ 23. Rxd1 Na5 24. Rd3 Bb2 25. Nc5 Bxc4 26. Rd7 Nb5 27. Nxb7  1-0

[Event "British Chess Championships 2023: British Championship"]
[Site "The Venue, De Montfort University, 20 Western Boulevard, Leicester, LE2 7BU"]
[Date "2023.07.28"]
[Round "7"]
[Board "3"]
[White "Grieve, Harry"]
[Black "Dong, Bao Nghia"]
[Result "1/2-1/2"]
[WhiteElo "2459"]
[BlackElo "2327"]
[PlyCount "0"]
[EventDate "2023.07.22"]
[EventRounds "9"]
[EventCountry "ENG"]

1. e4 e5 2. Nf3 Nc6 3. Bb5 Nf6 4. O-O Nxe4 5. d4 a6 6. Ba4 b5 7. Bb3 d5 8. dxe5 Be6
9. c3 Bc5 10. Nbd2 O-O 11. Bc2 Nxf2 12. Rxf2 f6 13. Nf1 Bxf2+ 14. Kxf2 fxe5 15. Kg1
e4 16. Nd4 Qf6 17. Be3 Ne5 18. Nxe6 Qxe6 19. Qe2 Rf7 20. a4 Raf8 21. axb5 axb5 22.
Bc5 Rb8 23. Qxb5 Nd7 24. Qa5 h5 25. Qxc7 Rxb2 26. Ne3 Kh7 27. Bd4 Nf6 28. Qg3 Ng4
29. Rc1 Qh6 30. h3 Nf2 31. Rf1 h4 32. Qxf2 Rxf2 33. Rxf2 Kg8 34. Rf1 Qg5 35. c4 dxc4
36. Bxe4 Re2 37. Bd5+ Kh7 38. Be4+ Kg8 39. Bd5+ Kh7 40. Nf5 Qd2 41. Kh1 c3 42. Bxc3
Qxd5 43. Nxh4 Qc4 44. Be1 Rxe1 45. Rxe1 Qxh4 46. Rf1 Kg6 47. Kh2 Kg5 48. Rf3 Kh5
49. Rf5+ Kh6 50. Rf1 Qe4 51. Rf3 Kh5 52. Kg1 Kh4 53. Kh2 Qe5+ 54. Kg1 Qe1+ 55. Kh2
g5 56. Rd3 Kh5 57. Rf3 Kg6 58. g4 Qe5+ 59. Kg2 Qe4 60. Kg3 Qe1+  1/2-1/2

[Event "British Chess Championships 2023: British Championship"]
[Site "The Venue, De Montfort University, 20 Western Boulevard, Leicester, LE2 7BU"]
[Date "2023.07.28"]
[Round "7"]
[Board "4"]
[White "Ledger, Andrew J"]
[Black "Wadsworth, Matthew J"]
[Result "1/2-1/2"]
[WhiteElo "2299"]
[BlackElo "2431"]
[PlyCount "0"]
[EventDate "2023.07.22"]
[EventRounds "9"]
[EventCountry "ENG"]

1. d4 d5 2. c4 c6 3. cxd5 cxd5 4. Bf4 Nc6 5. e3 Nf6 6. Nc3 a6 7. Be2 Bf5 8. Nf3 e6
9. Qb3 Nh5 10. Be5 f6 11. Nh4 Bg6 12. Bg3 Nxg3 13. hxg3 Bf7 14. Bd3 f5 15. f4 g5
16. Nf3 g4 17. Ne5 Nxe5 18. dxe5 Bc5 19. Ne2 Qa5+ 20. Kf2 b5 21. Rac1 b4 22. Bb1
O-O 23. Nd4 Bxd4 24. exd4 Rfc8 25. Rc2 Rxc2+ 26. Qxc2 b3 27. axb3 Rb8 28. Rc1 Qb4
29. Qd3 Qxb3 30. Rc8+ Kg7 31. Rxb8 Qxb8 32. Qc3 a5 33. Bd3 h5 34. Ke3 Qd8 35. Qc5
h4 36. Qd6 Qc8 37. Qe7 Qc1+ 38. Ke2 Qxb2+ 39. Ke3 Qc1+ 40. Ke2 Qb2+ 41. Ke3 hxg3
42. Qf6+ Kg8 43. Qd8+ Kg7  1/2-1/2